DC electrical conductivity of vanadium-borate glass in weak and strong electric fields; Soviet Physics Journal; Vol. 25, № 5

Detaylı Bibliyografya
Parent link:Soviet Physics Journal.— , 1965-1992
Vol. 25, № 5.— 1982.— P. 461-465
Diğer Yazarlar: Kosintsev V. I. Victor Ivanovich, Gaman V. I., Kalygina V. M., Modebadze O. E.
Özet:The results of an investigation of the temperature and field dependences of the electrical conductivity of vanadium-borate glass with the composition 32.56% V2O5, 46.18% B2O3, and 21.26% CaO (mole %) are discussed. The measurements were carried out on metal-glass-metal “sandwich” structures in the temperature interval 200–500°K with electric field intensities up to 108 V/m. It is shown that the experimental data for T 〈 350°K can be described within the framework of the percolation conductivity theory with a variable jump length, which permits explaining the value of the critical field and the temperature dependence of the slope of the current-voltage characteristics (CVC). It is proposed that for T > 350°K the essential role in forming the CVC is played by small-radius polarons (SMP) localized in the vicinity of positively charged defect centers (“bound” SRP)
В фонде НТБ ТПУ отсутствует
Dil:İngilizce
Baskı/Yayın Bilgisi: 1982
Konular:
Materyal Türü: Kitap Bölümü
KOHA link:https://koha.lib.tpu.ru/cgi-bin/koha/opac-detail.pl?biblionumber=599614

MARC

LEADER 00000naa0a2200000 4500
001 599614
005 20250410110856.0
035 |a (RuTPU)RU\TPU\tpu\23718 
035 |a RU\TPU\tpu\23614 
090 |a 599614 
100 |a 20130926d1982 k||y0rusy50 ba 
101 0 |a eng 
102 |a US 
200 1 |a DC electrical conductivity of vanadium-borate glass in weak and strong electric fields  |f V. I. Kosintsev [et. al.] 
320 |a References: p. 465 (23 tit.) 
330 |a The results of an investigation of the temperature and field dependences of the electrical conductivity of vanadium-borate glass with the composition 32.56% V2O5, 46.18% B2O3, and 21.26% CaO (mole %) are discussed. The measurements were carried out on metal-glass-metal “sandwich” structures in the temperature interval 200–500°K with electric field intensities up to 108 V/m. It is shown that the experimental data for T 〈 350°K can be described within the framework of the percolation conductivity theory with a variable jump length, which permits explaining the value of the critical field and the temperature dependence of the slope of the current-voltage characteristics (CVC). It is proposed that for T > 350°K the essential role in forming the CVC is played by small-radius polarons (SMP) localized in the vicinity of positively charged defect centers (“bound” SRP) 
333 |a В фонде НТБ ТПУ отсутствует 
461 |t Soviet Physics Journal  |d 1965-1992 
463 |t Vol. 25, № 5  |v P. 461-465  |d 1982 
610 1 |a труды учёных ТПУ 
701 1 |a Kosintsev  |b V. I.  |c Chemical Engineer  |c consulting professor, Doctor of technical sciences  |f 1939-  |g Victor Ivanovich  |3 (RuTPU)RU\TPU\pers\31066 
701 1 |a Gaman  |b V. I. 
701 1 |a Kalygina  |b V. M. 
701 1 |a Modebadze  |b O. E. 
801 1 |a RU  |b 63413507  |c 20110727 
801 2 |a RU  |b 63413507  |c 20130926  |g RCR 
942 |c CR